TV Shows by Birthday Special Quiz Stats

 Plays Quiz Updated Jun 4, 2018

Challenge
Share
Tweet
Score 0/18 Timer 05:00
3 Plays Today
% Correct
SpongeBob SquarePants
99.4%
Friends
98.7%
Star Trek: The Next Generation
96.7%
The Flintstones
95.8%
The Office (US)
94.1%
Family Guy
93.9%
The Big Bang Theory
93%
How I Met Your Mother
87.7%
That '70s Show
87.3%
% Correct
Modern Family
84.4%
The Powerpuff Girls
82.9%
Full House
81%
New Girl
80.9%
Sex and the City
78.9%
Hannah Montana
71.8%
Community
68.6%
Unbreakable Kimmy Schmidt
47%
Riverdale
33.3%

You're not logged in!

Compare scores with friends on all Sporcle quizzes.
OR
Log In

You Might Also Like...

Show Comments

Extras

Top Quizzes Today


Score Distribution

Your Account Isn't Verified!

In order to create a playlist on Sporcle, you need to verify the email address you used during registration. Go to your Sporcle Settings to finish the process.

Report this User

Report this user for behavior that violates our Community Guidelines.

Details: